Mapovanie akustického poľa pomocou poľa mikrofónov

Uložené v:
Podrobná bibliografia
Hlavný autor: Streďanský, Juraj (Autor)
Ďalší autori: Lojko, Branislav, 1977- (Vedúci práce)
Médium: Rukopis Kniha
Jazyk:Slovak
Vydavateľské údaje: Bratislava : STU v Bratislave FEI, 2009
Predmet:
Tagy: Pridať tag
Žiadne tagy, Buďte prvý, kto otaguje tento záznam!

MARC

LEADER 00000ntm a22000003a 4500
001 stu186518
005 20160719165119.5
008 090703s2009----xo------------------slo-d
040 |a STU  |b slo 
041 0 |a slo 
044 |a xo 
100 1 |a Streďanský, Juraj  |4 aut 
245 1 |a Mapovanie akustického poľa pomocou poľa mikrofónov 
260 |a Bratislava :  |b STU v Bratislave FEI,  |c 2009 
300 |a 73 s 
650 7 |a elektronika  |2 stusub 
650 7 |a Rádioelektronika  |2 stusub 
650 7 |a akustické pole  |2 stusub 
650 7 |a mikrofóny  |2 stusub 
700 1 |a Lojko, Branislav,  |d 1977-  |4 ths  |u E230  |U FEI Fakulta elektrotechniky a informatiky  |T FEI Katedra rádioelektroniky  |X 2597  |U E230  |Y 71  |7 A000002597